Osvětimský vězeň č. 71978
| Titel: | Osvětimský vězeň č. 71978 / Nina Weilová ; přeložila Věra Zemanová |
|---|---|
| Verfasser: | |
| Ausgabe: | První vydání v češtině |
| Veröffentlicht: | [Praha] : OIKOYMENH, [2017] |
| Umfang: | 80 Seiten : Illustrationen ; 22 cm |
| Format: | Buch |
| Sprache: | Tschechisch |
| Schriftenreihe/ mehrbändiges Werk: |
"Žiji se svou minulostí" ; sešit 1 alle Bände anzeigen
|
| Einheitssachtitel: | Auschwitz-Häftling 71978 |
| Hinweise zum Inhalt: |
Inhaltsverzeichnis
|
X
alg: 42539727 001A $06000:01-02-18 001B $01999:13-08-18 $t09:40:22.000 001C $06000:01-02-18 $t22:24:21.000 001D $06000:01-02-18 001U $0utf8 001X $00 002@ $0AFx 002C $aText $btxt $2rdacontent 002D $aohne Hilfsmittel zu benutzen $bn $2rdamedia 002E $aBand $bnc $2rdacarrier 003@ $0425397270 004A $fBroschur 006G $0114832190X 006H $0TOCNEUA1805 $2DNB 006U $018,A05 $f20171211 007A $0114832190X $aDNB 009P $qapplication/pdf $A2 $3Inhaltsverzeichnis $uhttp://d-nb.info/114832190X/04 $mB:DE-101 010@ $acze $cger 010E $erda 011@ $a2017 $n[2017] 013D $RAutobiografische Literatur $RBiografie $RErlebnisbericht $RQuelle $RTagebuch $#Autobiography $#Autobiographie $#Autobiographies $#Autobiographies $#Autobiographie $#Autobiographisches Erzählen $#Autobiografisches Erzählen $#Erinnerungen Formschlagwort $#Lebenserinnerungen $#Memoiren $#Selbstbiographie $#Selbstbiografie $#Autobiographik $#Autobiografik $74003939-0 $8Autobiografie [Ts1] $9085002275 013D $RQuelle $RBericht $RTagebuch $#Personal narratives $#Récits personnels $#Augenzeugenbericht Formschlagwort $#Eindrücke Formschlagwort $#Erlebnisgeschichte $#Reportage Formschlagwort $#Erfahrungsbericht $#Persönlicher Bericht $74133254-4 $8Erlebnisbericht [Ts1] $9085482919 017A $asf 021A $aOsvětimský vězeň č. 71978 $hNina Weilová ; přeložila Věra Zemanová 022A $aAuschwitz-Häftling 71978 028A $BVerfasser $RPelc, Vilém $#Weilová, Nina Pelcová- $#Weilová, Františka $#Weilová, Nina $#Pelcová-Weilová, Nina $#Pelc, Nina $#Weilová, Nina $4aut $7106727068X $8Pelcová, Nina$Z1932- [Tp1] $9355389703 032@ $aPrvní vydání v češtině 033A $p[Praha] $nOIKOYMENH 034D $a80 Seiten 034I $a22 cm 034M $aIllustrationen 036C $a"Žiji se svou minulostí" $xsesi11 $lsešit 1 036D $xsesi11 $8"Žiji se svou minulostí" : vzpomínky těch, kdo přežili holokaust / sestavil Ivan Lefkovits ; s 15 obrazy Gerharda Richtera $9425404137 044K $qDNB $#Konzentrationslager, Auschwitz $74003697-2 $8Konzentrationslager Auschwitz [Tb1] $9085001635 045E $c940 045F $a940.5318092 $eDDC22ger 045F/01 $a940.5318092 045R $aGeschichte lok: 42539727 78 exp: 42539727 78 1 #EPN 201B/01 $027-04-18 $t10:43:49.000 201C/01 $027-04-18 201U/01 $0utf8 203@/01 $01021530964 208@/01 $a27-04-18 $be 209A/01 $a/ $f000 $x00 209A/01 $ab*p $x01 209A/01 $a*ng $x03 220C/01 $aeja 244Z/01 $#Generalgouvernement Polen $#Polska $#Rzeczpospolita Polska $#Polska Rzeczpospolita Ludowa $#Poland $#Pologne $#République Polonaise $#Generalne Gubernatorstwo w Polsce $#Polish People's Republic $#Polska Rzeczpospolita Polen $#PRL $#RP $#Polen Generalgouvernement $#Polska Generalgouvernement $#Besetzte Polnische Gebiete $#Besetztes Gebiet in Polen $#Okupowane Polskie Obszary $#Obszary Okupowane w Polsce $#Volksrepublik Polen $#Polska Rosyjska $#Republic Polen $#Respublika Pol'ša $#Pol'skaja Narodnaja Respublika $#République de Pologne $#Polen Links der Weichsel $#Polska po Lewej Stronie Wisły $#Lenkija $#Polija $#Gubernija Carstva Pol'skago $#Republik Polen $74046496-9 $8--Tg1--Polen $x01 $9085129801 247C/01 $82080>Marburg/Lahn, Herder-Institut, Forschungsbibliothek, Bibliographieportal $9336309341
| LEADER | 00000cam a22000002cb4500 | ||
|---|---|---|---|
| 001 | 425397270 | ||
| 003 | DE-603 | ||
| 005 | 20180813094022.0 | ||
| 007 | tu | ||
| 008 | 180201s2017 xx |||| | u00||u|cze | ||
| 015 | |a 18,A05 |2 dnb | ||
| 016 | 7 | |2 DE-101 |a 114832190X | |
| 035 | |a (DE-599)DNB114832190X | ||
| 040 | |a DE-603 |b ger |c DE-603 |d DE-603 |e rda | ||
| 041 | |a cze |h ger | ||
| 082 | 0 | 4 | |8 1\u |a 940.5318092 |q DE-101 |2 22/ger |
| 084 | |a 940 |q DE-101 |2 sdnb | ||
| 085 | |8 1\u |b 940.5318092 | ||
| 090 | |a b | ||
| 100 | 1 | |a Pelcová, Nina |d 1932- |e Verfasser |4 aut |0 (DE-603)355389703 |0 (DE-588)106727068X |2 gnd | |
| 240 | 1 | 0 | |a Auschwitz-Häftling 71978 |
| 245 | 0 | 0 | |a Osvětimský vězeň č. 71978 |c Nina Weilová ; přeložila Věra Zemanová |
| 250 | |a První vydání v češtině | ||
| 264 | 1 | |a [Praha] |b OIKOYMENH |c [2017] | |
| 300 | |a 80 Seiten |b Illustrationen |c 22 cm | ||
| 336 | |a Text |b txt |2 rdacontent | ||
| 337 | |a ohne Hilfsmittel zu benutzen |b n |2 rdamedia | ||
| 338 | |a Band |b nc |2 rdacarrier | ||
| 490 | 1 | |a "Žiji se svou minulostí" |v sešit 1 | |
| 610 | 1 | 7 | |a Konzentrationslager Auschwitz |2 gnd |0 (DE-588)4003697-2 |0 (DE-603)085001635 |
| 648 | 7 | |a Geschichte |2 gnd | |
| 655 | 7 | |a Autobiografie |2 gnd-content |0 (DE-588)4003939-0 |0 (DE-603)085002275 | |
| 655 | 7 | |a Erlebnisbericht |2 gnd-content |0 (DE-588)4133254-4 |0 (DE-603)085482919 | |
| 830 | 0 | |a "Žiji se svou minulostí" |v sešit 1 |w (DE-603)425404137 |9 sesi11 |7 am | |
| 856 | 4 | 2 | |m B:DE-101 |q application/pdf |u http://d-nb.info/114832190X/04 |3 Inhaltsverzeichnis |
| 924 | 0 | |9 2080 |a (DE-603)1021530964 |b DE-2080 |c HES |d d |g / | |
alle Bände anzeigen

